Applied and computational complex analysis
Αποθηκεύτηκε σε:
| Κύριος συγγραφέας: | |
|---|---|
| Μορφή: | Βιβλίο |
| Γλώσσα: | English |
| Δημοσίευση: |
New York :
Wiley,
1974 1988 <1991- >
|
| Έκδοση: | Wiley classics library ed |
| Θέματα: | |
| Ετικέτες: |
Προσθήκη ετικέτας
Δεν υπάρχουν, Καταχωρήστε ετικέτα πρώτοι!
|
MARC
| LEADER | 00000nam a2200000 i 4500 | ||
|---|---|---|---|
| 001 | 1/35054 | ||
| 008 | 941103m19741991 eng d | ||
| 020 | |a 047154289X | ||
| 020 | |a 0-471-60841-6 | ||
| 035 | |l 10039826 | ||
| 040 | |a GR-MY-UA |b gre |e aacr | ||
| 041 | 0 | |a eng | |
| 082 | 0 | |a 515.9 |2 (20) | |
| 100 | 1 | |a Henrici, Peter |d 1923- | |
| 245 | 1 | 0 | |a Applied and computational complex analysis / |c Peter Henrici |
| 250 | |a Wiley classics library ed | ||
| 260 | |a New York : |b Wiley, |c 1974 |c 1988 |c <1991- > | ||
| 300 | |a v. <2 >; |b ill.; |c 23 cm | ||
| 500 | |a "A Wiley-Interscience publication." | ||
| 504 | |a Includes bibliographical references (p. 642-649) and index | ||
| 505 | 0 | |a v.1 Power Series-Integration-Conformal Mapping-Location of Zeros v. 2. Special Functions--integral transforms--asymptotics--continued fractions | |
| 650 | 0 | 0 | |a Analytic functions. |
| 650 | 0 | 0 | |a Functions of complex variables. |
| 650 | 0 | 0 | |a Mathematical analysis. |
| 740 | 0 | 2 | |a Power Series--Integration--Conformal Mapping--Location of Zeros |
| 740 | 0 | 2 | |a Special Functions--Integral Transforms--Asymptotics--Continued Fractions |
| 852 | |a INST |b SAMOS |e 19941103 |h 515.9 HEN |p 005300001277 |q 005300001277 |t BK |y 0 |z v.1 | ||
| 852 | |a INST |b SAMOS |e 19941103 |h 515.9 HEN |p 005300003337 |q 005300003337 |t BK |y 0 |z v.2 | ||
| 852 | |a INST |b SAMOS |e 19941103 |h 515.9 HEN |p 005300003338 |q 005300003338 |t BK |y 0 |z v.1 | ||
| 852 | |a INST |b SAMOS |e 19941103 |h 515.9 HEN |p 005300001277 |q 005300001277 |t BK |v v.1: |y 0 |z v.1 | ||
| 852 | |a INST |b SAMOS |e 19941103 |h 515.9 HEN |p 005300003337 |q 005300003337 |t BK |v v.2: |y 0 |z v.2 | ||
| 852 | |a INST |b SAMOS |e 19941103 |h 515.9 HEN |p 005300003338 |q 005300003338 |t BK |v v.1: |y 0 |z v.1 | ||
| 853 | |a INST |b SAMOS |h 515.9 HEN | ||
| 909 | |a Σ |b 021219 | ||
| 909 | |a Σ |b 021220 | ||
| 909 | |a Σ |b 017120 | ||